| 000 | 01148nam a2200289Ia 4500 | ||
|---|---|---|---|
| 003 | OSt | ||
| 005 | 20221005104235.0 | ||
| 006 | a|||||r|||| 00| 0 | ||
| 007 | ta | ||
| 008 | 221004b |||||||| |||| 00| 0 san d | ||
| 020 |
_a9788171104949 (hbk) _c350 |
||
| 024 | _a24677 | ||
| 037 |
_b57, 22/12/2015, Mallika Books _cTextual |
||
| 040 |
_aCRL _cCRL _bsan |
||
| 041 |
_2san _asan |
||
| 082 | _aQ23:2299, 152Q5 | ||
| 100 | _aकाल हस्ति | ||
| 245 | 0 | _aश्री महाविश्वकर्मपुराणम् | |
| 246 | _aShrī mahāvishvakarmapurāṇam | ||
| 260 |
_aदिल्ली _bपरिमल पब्लिकेशन्स भारत _c2015 |
||
| 300 |
_a241पृ0 _ccm. |
||
| 490 | _aपरिमल संस्कृत ग्रन्थमाला; 141 | ||
| 650 | _aधर्म | ||
| 700 | _a श्रीकृष्ण, ‘जुगनू’, संपा. | ||
| 942 |
_hQ23:2299, 152Q5 _cTEXL _2cc |
||
| 999 |
_c1012112 _d1012112 |
||